000 00372nam a2200157Ia 4500
008 170705s9999 xx 000 0 und d
020 _a9780717289664
245 _aWinnie the Pooh and Tiger too /
260 _aNew York :
260 _bGrolier Books,
260 _c1999
300 _aunpaged :
300 _bcolor illustration ;
300 _c22cm.
500 _a330
999 _c337345
_d337345